00847nam a2200181 i 4500001000700000003000900007005001700016008004100033080001900074100001500093245015500108260007700263300002100340530003500361650003000396852009400426856014500520160628ES-MaACL20230906212106.0040930s1897 cl |||| | spa d a616.34-022-0851 aNewman, K.10aAntisepsia intestinal, manera de rrealizarla b: komunikazion echa a la Soziedad Zientífika de Balparaiso el 26 de agosto de 1896 / cpor K. Newman. aSantiago de Chile : b[s.n.], c1897 (fImp. i enkuadernacion Barzelona) a21 p. ; c19 cm. aDisponible en formato digital.04aIntestinos-xInfecciones. aES-MaACLjT-764-F-8 z- Enc. hol., conservando cub. original z- Enc. en un vol. facticio uhttp://bibliotecadigitalhispanica.bne.es:80/webclient/DeliveryManager?pid=1885002&custom_att_2=simple_viewerzBiblioteca Digital Hispánica